<?xml version="1.0" encoding="UTF-8"?>
<marc:record xmlns:marc="http://www.loc.gov/MARC21/slim">
   <marc:leader>00000nam a2200000 a 4500</marc:leader>
   <marc:datafield ind1="1" ind2=" " tag="100">
      <marc:subfield code="a">Braden, Gregg</marc:subfield>
      <marc:subfield code="4">aut</marc:subfield>
      <marc:subfield code="e">Verfasser/-in</marc:subfield>
   </marc:datafield>
   <marc:datafield ind1=" " ind2=" " tag="653">
      <marc:subfield code="a">Gebet</marc:subfield>
   </marc:datafield>
   <marc:datafield ind1=" " ind2=" " tag="653">
      <marc:subfield code="a">altes Wissen</marc:subfield>
   </marc:datafield>
   <marc:datafield ind1=" " ind2=" " tag="653">
      <marc:subfield code="a">alte Kulturen</marc:subfield>
   </marc:datafield>
   <marc:datafield ind1="0" ind2="0" tag="245">
      <marc:subfield code="a">Verlorene Geheimnisse des Betens</marc:subfield>
   </marc:datafield>
   <marc:datafield ind1="0" ind2="0" tag="245">
      <marc:subfield code="b">die verborgene Kraft von Schönheit, Segen, Weisheit und Schmerz</marc:subfield>
   </marc:datafield>
   <marc:datafield ind1="0" ind2="0" tag="245">
      <marc:subfield code="c">Gregg Braden. Aus dem Engl. von Nicole Iconomou-Orr</marc:subfield>
   </marc:datafield>
   <marc:datafield ind1=" " ind2="1" tag="264">
      <marc:subfield code="a">Frankfurt, M.</marc:subfield>
      <marc:subfield code="b">EchnAton-Verl.</marc:subfield>
      <marc:subfield code="c">2008</marc:subfield>
   </marc:datafield>
   <marc:datafield ind1=" " ind2=" " tag="250">
      <marc:subfield code="a">1. Aufl.</marc:subfield>
   </marc:datafield>
   <marc:datafield ind1="1" ind2=" " tag="520">
      <marc:subfield code="a">Angaben aus der Verlagsmeldung

Verlorene Geheimnisse des Betens : Die verborgene Macht von Schönheit, Segen, Weisheit und Schmerz Secrets of the Lost Mode of Prayer / von Gregg Braden

Ist es möglich, dass in unseren tiefsten Verletzungen der Schlüssel zu einer kraftvollen Art des Betens verborgen ist, die uns vor 1700 Jahren verloren ging? Was können wir heute aus dem großen Geheimnis unserer wichtigsten Traditionen lernen?

„In uns existieren wunderschöne wie auch wilde Kräfte.“

Mit diesen Worten beschrieb der Mystiker St. Franziskus, worauf uralte Traditionen als die machtvollste Kraft im Universum vertrauten – die Macht des Gebets. Seit über 20 Jahre hat Gregg Braden nach Beweisen für eine vergessene Art des Betens gesucht, die der westlichen Welt verloren ging, als sie unter den Einfluss der frühchristlichen Bibelauslegungen geriet.

In den 90er Jahren des 20. Jahrhunderts fand und dokumentierte er diese Art des Gebets, das in abgelegenen Klöstern in Zentraltibet noch immer Anwendung findet. Ebenso fand er heraus, dass diese Art des Betens in heiligen Riten im gesamten Wüstenhochland im Südwesten der USA praktiziert wird.

In diesem Buch beschreibt Braden diese uralte Art des Betens, die sich weder Worten noch sonstigem äußeren Ausdrucks bedient. Er begleitet uns als erster Autor auf eine Reise, auf der wir entdecken, was unsere intimsten Erfahrungen uns über unseren tiefsten Glauben verraten. Anhand von Fallbeispielen und persönlichen Aufzeichnungen ergründet Braden die Weisheit dieser ewig gültigen Geheimnisse und die Kraft, die jeden von uns erwartet ... direkt jenseits unseres tiefsten Schmerzes!
</marc:subfield>
   </marc:datafield>
   <marc:datafield ind1=" " ind2=" " tag="020">
      <marc:subfield code="a">9783937883205</marc:subfield>
      <marc:subfield code="9">9783937883205</marc:subfield>
   </marc:datafield>
   <marc:datafield ind1=" " ind2=" " tag="041">
      <marc:subfield code="a">ger</marc:subfield>
   </marc:datafield>
   <marc:datafield ind1=" " ind2=" " tag="300">
      <marc:subfield code="a">XXII, 180 S.</marc:subfield>
   </marc:datafield>
</marc:record>
